Logo BPK

Bibliografia Prac Pracowników

Politechniki Koszalińskiej

Rybołówstwo bałtyckie i przetwórstwo rybne u progu wejścia Polski do Unii Europejskiej / (Rekord nr 4351)

Szczegóły MARC
000 -ETYKIETA REKORDU
podpole kontrolne o stałej długości 01339nab a2200217 i 4500
001 - NUMER KONTROLNY REKORDU
podpole kontrolne BPP
003 - IDENTYFIKATOR NUMERU KONTROLNEGO REKORDU
podpole kontrolne BPK
005 - DATA OSTATNIEJ MODYFIKACJI REKORDU
podpole kontrolne 20150529135646.0
008 - POLE O STAŁEJ DŁUGOŚCI - DANE KONTROLNE
podpole kontrolne o stałej długości 15.052s2000 pl | | |000 ||pol
040 ## - ŹRÓDŁO KATALOGOWANIA
Instytucja, która utworzyła rekord BPK
080 ## - UNIWERSALNA KLASYFIKACJA DZIESIĘTNA - UKD
UKD 639.22
100 ## - NAZWA OSOBOWA
Nazwa osobowa DŁUBAKOWSKA-PUZIO, Ewa Katarzyna.
Lata pracy 1998 - .
Instytucja Politechnika Koszalińska - Wydział Ekonomii i Zarządzania,
Wydział Katedra Marketingu i Badań Rynkowych
245 ## - TYTUŁ/ODPOWIEDZIALNOŚĆ
Tytuł Rybołówstwo bałtyckie i przetwórstwo rybne u progu wejścia Polski do Unii Europejskiej /
Pozostałe elementy strefy tytułu i oznaczenia odpowiedzialności Ewa Katarzyna Dłubakowska.
260 ## - STREFA ADRESU WYDAWNICZEGO
Data publikacji, dystrybucji/powstania dokumentu 2000.
500 ## - UWAGI OGÓLNE
Tekst uwagi Dane z autopsji.
520 ## - UWAGA DOTYCZĄCA TREŚCI DOKUMENTU
Analiza dokumentacyjna, adnotacja itp. Artykuł zwraca uwagę na to, že polskie rybołówstwo morskie stanowi ważną część gospodarki morskiej i w szczególny sposób jest związane z różnymi gałęziami gospodarki narodowej, tj. z przemysłem elektromaszynowym, stoczniowym, drzewnym, paliwowym, chemicznym, spożywczym i innym. Zwraca uwagę także na konieczność przestrzegania zasady "racjonalnej gospodarki zasobami" w prowadzeniu działalności rybackiej w związku z integracją i członkostwem Polski w Unii Europejskiej.
650 ## - HASŁO PRZEDMIOTOWE W FORMIE NAZWY OGÓLNEJ LUB JEDNOSTKOWEJ
Nazwa ogólna lub geograficzna Rybołówstwo morskie.
650 #0 - HASŁO PRZEDMIOTOWE W FORMIE NAZWY OGÓLNEJ LUB JEDNOSTKOWEJ
Nazwa ogólna lub geograficzna Przemysł rybny.
773 ## - TYTUŁ DOKUMENTU MACIERZYSTEGO
Wyrażenie wprowadzające W :
Tytuł Koszalińskie Studia i Materiały. -
Adres wydawniczy Koszalin : Wydaw. Uczelniane Politechniki Koszalińskiej, 2000. -
Informacje dotyczące relacji nr 2, s. 177-184
942 ## - HASŁO DODATKOWE - ELEMENTY(KOHA)
Typ dokumentu Artykuł
Schemat klasyfikacji Uniwersalna klasyfikacja dziesiętna
Egzemplarze
Wycofany Zagubiony Uszkodzony Dostępność Lokalizacja stała Lokalizacja bieżąca Sygnatura Typ dokumentu
      Dostępny Bibliografia Prac Pracowników - BPK Bibliografia Prac Pracowników - BPK 0856 Artykuł
© 2014 Biblioteka Politechniki Koszalińskiej :: BIBLIOGRAFIA PRAC PRACOWNIKÓW